| 000 | 00661nam a22002057a 4500 | ||
|---|---|---|---|
| 003 | DO-SdBNP | ||
| 005 | 20221027142625.0 | ||
| 007 | ta | ||
| 008 | 221027b2017 dr a|||| |||| 00| 0 spa d | ||
| 040 |
_aDO-SdBNP _bspa _cBNPHU |
||
| 082 | 4 | _222 | |
| 245 | 0 | 0 |
_aManual de biologia II / _ccoordinación y contenido Milagros Rodríguez, Sardis Medrano-Cabral |
| 260 |
_aSanto Domingo : _bUnibe, _c2017. |
||
| 300 |
_a79 p. : _bil. ; _c28 cm. |
||
| 590 | _aInventariado, 2022/BT | ||
| 700 | 1 |
_aRodríguez, Milagros, _ecoordinación y contenido _950859 |
|
| 700 | 1 |
_aMedrano-Cabral, Sardis, _ecoordinación y contenido _931185 |
|
| 910 | _aBtavárez | ||
| 942 |
_2ddc _cLBS1 |
||
| 999 |
_c52659 _d52659 |
||